El Imperio de la justicia: de la teoría general del derecho de las decisiones y interpretaciones de los jueces y de la integridad política y legal como clave de la teoría y la práctica

Guardat en:
Dades bibliogràfiques
Autor principal: Dworkin, Ronald
Format: Text
Publicat: Barcelona: Gedisa editorial
Etiquetes: Afegir etiqueta
Sense etiquetes, Sigues el primer a etiquetar aquest registre!

MARC

LEADER 00000 a a2200000 04500
001 23205
003
040
020 |a 84-7432-323-1  
090 |a 160500  
100 |a Dworkin, Ronald  
245 |a El Imperio de la justicia: de la teoría general del derecho de las decisiones y interpretaciones de los jueces y de la integridad política y legal como clave de la teoría y la práctica  
260 |a Barcelona:   |b Gedisa editorial  
300 |a 328 p  
999 |c 11066  |d 11066